000 01345nac a22003615i 4500
003 EG-ScBUE
005 20260119093714.0
008 150823t1982 enka f b 001 0 eng d
020 _a9780127345857
020 _a012734585X
040 _aEG-Sc BUE
_beng
_erda
_cEG-Sc BUE
_dEG-Sc BUE
082 0 4 _a551.490724
_bWAN
_222
100 1 _aWang, Herbert,
_eauthor.
245 1 0 _aIntroduction to groundwater modeling finite difference and finite element methods /
_cHerbert F. Wang, Mary P. Anderson, University of Wisconsin, Madison.
264 1 _aLondon :
_bAcademic Press, Inc.,
_c[1982]
264 4 _cc1982
300 _ax, 237 pages :
_billustrations ;
_c23 cm
336 _2rdacontent
_atext
_btxt
337 _aunmediated
_2rdamedia
_bn
338 _avolume
_bnc
_2rdacarrier
504 _aIncludes bibliographical references and index.
590 _aDoha
650 0 _aGroundwater flow
_xMathematical models.
_2BUEsh
650 7 _aDifference equations.
_2BUEsh
650 7 _aFinite element method.
_2BUEsh
651 _2BUEsh
653 _cAugust2015
655 _vReading book
700 1 _aAnderson, Mary P.,
_eauthor.
856 4 2 _3Publisher description
_uhttp://www.loc.gov/catdir/description/els032/95008167.html
856 4 2 _3Table of contents
_uhttp://www.loc.gov/catdir/toc/els032/95008167.html
942 _cBB
_2ddc
999 _c8515
_d8515